Open Data Biblioteca Nacional de Portugal


República Portuguesa: Ministério da Cultura
Biblioteca Nacional de Portugal

Catálogo da BNP: acesso por Identificadores Unívocos
Registos Bibliográficos associados ao registo de autoridade

Etiqueta de registo: 00000nkm 2200025 450
001 2271280
003 http://id.bnportugal.gov.pt/bib/catbnp/2271280
100 ## $a20260224d1990 m y0pory01030103ba
101 0# $apor
102 ## $aPT
200 1# $a2.º Salão do Cavalo, Homenagem a Mestre Nuno de Oliveira, Vila Franca de Xira, 4, 5 e 6 de maio$bVisual gráfico]$fComissão Municipal de Turismo de Vila Franca de Xira
210 #9 $aVila Franca de Xira$c Comissão Municipal de Turismo de Vila Franca de Xira,$d1990$e[S.l.] :$gAmérico Silva )
215 ## $a1 cartaz$ccolor.$d67x48cm
317 ## $aColeção Madeira Luís
710 02 $aSalão do Cavalo,$bHomenagem a Mestre Nuno de Oliveira,$d2,$eVila Franca de Xira,$f1990$31993173
712 02 $aComissão Municipal de Turismo de Vila Franca de Xira$4557$3173807
801 #0 $aPT$bBN$gRPC
966 ## $lBN$mICONOG$sCT. 22287 A.$x3
971 ## $cCaticonografia1$d20260224
995 ## $aPRR2026 $d20260224$iCaticonografia1

OpendataBNP@bnportugal.pt | Mais informação sobre acesso aos dados BNP